Štúdium a identifikácia materiálov plastových kariet pre potreby kriminalisticko-technických analýz
Gespeichert in:
| 1. Verfasser: | |
|---|---|
| Weitere Verfasser: | |
| Format: | Manuskript Buch |
| Sprache: | Slowakisch |
| Schlagworte: | |
| Online-Zugang: | http://is.stuba.sk/zp/portal_zp.pl?podrobnosti=82881 |
| Tags: |
Keine Tags, Fügen Sie das erste Tag hinzu!
|
MARC
| LEADER | 00000ntm a22000003a 4500 | ||
|---|---|---|---|
| 001 | stuzp40881 | ||
| 003 | SK-STU | ||
| 005 | 20160229160100.3 | ||
| 007 | ta | ||
| 008 | 150427s2015----xo-----f-mn---000-0-slo-d | ||
| 040 | |a STU |b slo | ||
| 041 | 0 | |a slo | |
| 100 | 1 | |a Parciová, Silvia |u 049160 |4 aut |U FCHPT Ústav prírodných a syntetických polymérov |T FCHPT Oddelenie polygrafie a aplikovanej fotochémie |X 43559 |U C9160 |Y 127 |7 43559 | |
| 242 | 0 | 1 | |a Study and identification of materials of plastic cards for the purpose of forensic and technical analysis |y eng |
| 245 | 1 | 0 | |a Štúdium a identifikácia materiálov plastových kariet pre potreby kriminalisticko-technických analýz |
| 650 | 4 | |a plastové karty |2 slo | |
| 650 | 4 | |a optická mikroskopia |2 slo | |
| 650 | 4 | |a FTIR spektroskopia |2 slo | |
| 650 | 4 | |a plastic cards |2 eng | |
| 650 | 4 | |a optical microscopy |2 eng | |
| 650 | 4 | |a FTIR spectroscopy |2 eng | |
| 700 | 1 | |a Reháková, Milena, |d 1964- |4 ths |X 3378 |7 A000003378 | |
| 856 | 4 | |u http://is.stuba.sk/zp/portal_zp.pl?podrobnosti=82881 | |
| SQL | |a stuzp40881 |b DBP |c SLO |d Štúdium a identifikácia materiálov plastových kariet pre potreby kriminalisticko-technických analýz |e 43559 |f Parciová, Silvia |g 049160 |h 3378 |i Reháková, Milena |j 20140717 |k 753 |l 04 |m http://is.stuba.sk/zp/portal_zp.pl?podrobnosti=82881 | ||